Effects of structural adjustment in southern Africa : (Record no. 146950)

MARC details
000 -LEADER
fixed length control field 01163nam a2200313 a 4500
008 - FIXED-LENGTH DATA ELEMENTS--GENERAL INFORMATION
fixed length control field
020 ## - INTERNATIONAL STANDARD BOOK NUMBER
International Standard Book Number 1779050992 (pbk.)
049 ## - LOCAL HOLDINGS (OCLC)
Holding library MAIN
090 ## - LOCALLY ASSIGNED LC-TYPE CALL NUMBER (OCLC); LOCAL CALL NUMBER (RLIN)
Classification number (OCLC) (R) ; Classification number, CALL (RLIN) (NR) HC910 CHI
003 - CONTROL NUMBER IDENTIFIER
control field
005 - DATE AND TIME OF LATEST TRANSACTION
control field 20230123133337.0
040 ## - CATALOGING SOURCE
Transcribing agency NUST
100 1# - MAIN ENTRY--PERSONAL NAME
Personal name Chipika, Jesimen.
245 10 - TITLE STATEMENT
Title Effects of structural adjustment in southern Africa :
Remainder of title the case of Zimbabwe's manufacturing sector during phase 1 of ESAP, 1991-1995 /
Statement of responsibility, etc. Jesimen T. Chipika, Stanford Chibanda, Phineas G. Kadenge.
260 ## - PUBLICATION, DISTRIBUTION, ETC.
Place of publication, distribution, etc. Mt. Pleasant, Harare :
Name of publisher, distributor, etc. SARIPS of SAPES Trust,
Date of publication, distribution, etc. c2000.
300 ## - PHYSICAL DESCRIPTION
Extent x, 118 p. ;
Dimensions 21 cm.
440 #0 - SERIES STATEMENT/ADDED ENTRY--TITLE
Title Economic policy series.
504 ## - BIBLIOGRAPHY, ETC. NOTE
Bibliography, etc. note Includes bibliographical references.
500 ## - GENERAL NOTE
General note Includes index.
650 #0 - SUBJECT ADDED ENTRY--TOPICAL TERM
Topical term or geographic name entry element Structural adjustment (Economic policy)
Geographic subdivision Zimbabwe.
651 #0 - SUBJECT ADDED ENTRY--GEOGRAPHIC NAME
Geographic name Zimbabwe
General subdivision Economic policy.
650 #0 - SUBJECT ADDED ENTRY--TOPICAL TERM
Topical term or geographic name entry element Manufactures
Geographic subdivision Zimbabwe.
700 1# - ADDED ENTRY--PERSONAL NAME
Personal name Chibanda, Stanford.
700 1# - ADDED ENTRY--PERSONAL NAME
Personal name Kadenge, P. G.
Fuller form of name (Phineas G.)
710 2# - ADDED ENTRY--CORPORATE NAME
Corporate name or jurisdiction name as entry element SAPES Trust.
710 2# - ADDED ENTRY--CORPORATE NAME
Corporate name or jurisdiction name as entry element Southern Africa Regional Institute for Policy Studies.
Subordinate unit Regional Office.
907 ## - LOCAL DATA ELEMENT G, LDG (RLIN)
a .b10024359
b 15-01-07
c 17-04-03
942 ## - ADDED ENTRY ELEMENTS (KOHA)
Koha item type Ordinary Loan Books
Call number prefix HC910 CHI
Holdings
Date last seen Total Checkouts Full call number Barcode Cost, replacement price Price effective from Koha item type Lost status Source of classification or shelving scheme Damaged status Not for loan Collection Withdrawn status Home library Current library Shelving location Date acquired Cost, normal purchase price
01/23/2023 6 HC910 CHI 92003004719 80.00 01/23/2023 BOOKS   LCC     NFIC   MAIN MAIN GEN 01/23/2023 80.00